Scales for strings
Zapisane w:
| 1. autor: | |
|---|---|
| Format: | Partytura Książka |
| Język: | angielski |
| Wydane: |
Nueva York
Belwin Mills
1962
|
| Hasła przedmiotowe: | |
| Etykiety: |
Dodaj etykietę
Nie ma etykietki, Dołącz pierwszą etykiete!
|
MARC
| LEADER | 00000ncm a2200000 a 4500 | ||
|---|---|---|---|
| 001 | UCM0260 | ||
| 003 | CL-VaPUC | ||
| 005 | 20220617114300.0 | ||
| 008 | 020125e19620000US |||||||||||||||||eng|d | ||
| 999 | |c 299239 |d 299237 | ||
| 040 | |c Pontificia Universidad Católica de Valparaíso | ||
| 082 | 0 | 4 | |a Cu787.193 APP 1962 |2 21 |
| 100 | 0 | |a Applebaum, Samuel |e author |9 466969 | |
| 245 | 1 | 0 | |a Scales for strings |
| 260 | |a Nueva York |b Belwin Mills |c 1962 | ||
| 300 | |a v | ||
| 500 | |a Supplementary studies to develop the string ensemble | ||
| 500 | |a Corresponde al manual del profesor | ||
| 583 | |a last modification |c 20130316 11:09:34 |k Rodrigo Vera | ||
| 650 | 0 | |a Instrumentos de cuerdas |2 CL-VaPUC |9 332574 | |
| 650 | 0 | |a Escalas musicales, ejercicios |2 CL-VaPUC |9 444460 | |
| 650 | 0 | |a Arpegios |2 CL-VaPUC |9 463417 | |
| 650 | 0 | |a Cuarteto de cuerdas |9 466971 | |
| 650 | 0 | |a Método progresivo |2 CL-VaPUC |9 466972 | |
| 942 | |c BK |2 ddc | ||
| 945 | |d 20020125 00:00:00 |a lriquelm | ||
| 952 | |0 0 |1 0 |2 ddc |4 0 |6 CU_787_193000000000000_APP_1962 |7 0 |8 F |9 355516 |a BIBEDU |b BIBEDU |d 2019-11-21 |h v.1 |i 1156233 |o Cu787.193 APP 1962 |p 1156233 |r 2023-11-22 |w 2019-11-21 |y PA |k MUS | ||